Diversidad en Beijing: una experiencia de participación

محفوظ في:
التفاصيل البيبلوغرافية
مؤلف مشترك: Instituto Interamericano de Derechos Humanos
التنسيق: نص
منشور في: San José: IIDH
الوسوم: إضافة وسم
لا توجد وسوم, كن أول من يضع وسما على هذه التسجيلة!

MARC

LEADER 00000 a a2200000 04500
001 36603
003
040
020 |a 9977-962-90-1  
090 |a 1003 D618d  
110 |a Instituto Interamericano de Derechos Humanos  
245 |a Diversidad en Beijing: una experiencia de participación  
260 |a San José:   |b IIDH  
300 |a 216 p.   |b il.  
500 |a Incluye el directorio de organizaciones de Latinoamérica y El Caribe  
999 |c 15690  |d 15690